British industrialists: Steel and hosiery 1850-1950

Đã lưu trong:
Sonraí Bibleagrafaíochta
Príomhúdar: Erickson, Charlotte
Formáid: Leabhar
Teanga:Undetermined
Foilsithe: Gower Cambridge University Press 1986
Ábhair:
Clibeanna: Cuir Clib Leis
Gan Chlibeanna, Bí ar an gcéad duine leis an taifead seo a chlibeáil!
Thư viện lưu trữ: Trung tâm Học liệu Trường Đại học Cần Thơ
LEADER 00566nam a2200205Ia 4500
001 CTU_86644
008 210402s9999 xx 000 0 und d
082 |a 338 
082 |b E68 
100 |a Erickson, Charlotte 
245 0 |a British industrialists: Steel and hosiery 1850-1950 
245 0 |c Charlotte Erickson 
260 |a Gower 
260 |b Cambridge University Press 
260 |c 1986 
650 |a Steel industry and trade 
650 |x History 
650 |z Great Britain 
904 |i Năm 
980 |a Trung tâm Học liệu Trường Đại học Cần Thơ